Privacy-Preserving Approximated Optimal Control Based on Homomorphic Cryptography
Na minha lista:
| Autor principal: | |
|---|---|
| Outros Autores: | |
| Formato: | Manuscrito Livro |
| Idioma: | eslovaco inglês |
| Publicado em: |
2024
|
| Assuntos: | |
| Acesso em linha: | http://is.stuba.sk/zp/portal_zp.pl?podrobnosti=176630 |
| Tags: |
Sem tags, seja o primeiro a adicionar uma tag!
|
MARC
| LEADER | 00000ntm a22000003a 4500 | ||
|---|---|---|---|
| 001 | stuzp99398 | ||
| 003 | SK-STU | ||
| 005 | 20240601210725.7 | ||
| 007 | ta | ||
| 008 | 150427s2015----xo-----f-mn---000-0-slo-d | ||
| 040 | |a STU |b slo | ||
| 041 | 0 | |a eng | |
| 100 | 1 | |a Mészáros, Olivér |u 047220 |4 aut |U FCHPT Ústav informatizácie, automatizácie a matematiky |T FCHPT Oddelenie informatizácie a riadenia procesov |X 97278 |U C7220 |Y 121 |7 97278 | |
| 242 | 0 | 1 | |a Aproximované optimálne riadenie s ochranou údajov založené na homomorfnej kryptografii |y slo |
| 245 | 1 | 0 | |a Privacy-Preserving Approximated Optimal Control Based on Homomorphic Cryptography |
| 260 | |c 2024 | ||
| 650 | 4 | |a riadenie procesov |2 slo | |
| 650 | 4 | |a neurónová sieť |2 slo | |
| 650 | 4 | |a homomorfné šifrovanie |2 slo | |
| 650 | 4 | |a prediktívne riadenie |2 slo | |
| 650 | 4 | |a CKKS |2 slo | |
| 650 | 4 | |a process control |2 eng | |
| 650 | 4 | |a model predictive controller |2 eng | |
| 650 | 4 | |a neural network |2 eng | |
| 650 | 4 | |a homomorphic encryption |2 eng | |
| 650 | 4 | |a CKKS |2 eng | |
| 700 | 1 | |a Kalúz, Martin |u 047220 |k Z2 |4 ths |U FCHPT Ústav informatizácie, automatizácie a matematiky |T FCHPT Oddelenie informatizácie a riadenia procesov |X 21598 |U C7220 |Y 121 |7 A000021598 | |
| 856 | 4 | |u http://is.stuba.sk/zp/portal_zp.pl?podrobnosti=176630 | |